[Event "COL-ch Superate B"]
[Site "Colombia"]
[Date "2015.10.15"]
[Round "5.12"]
[White "Alarcon Paba, Victor"]
[Black "Madariaga Amaya, Cristian Daniel"]
[Result "1-0"]
[WhiteElo "1473"]
[BlackElo "1560"]
[PlyCount "21"]
[EventDate "2015.10.15"]
[EventType "swiss (rapid)"]
[EventRounds "6"]
[EventCountry "COL"]
[SourceTitle "EXT 2024"]
[Source "ChessBase"]
[SourceDate "2023.10.10"]
[SourceVersion "1"]
[SourceVersionDate "2023.10.10"]
[SourceQuality "1"]

1. e4 e5 2. Nf3 Nc6 3. d4 d6 4. dxe5 dxe5 5. Qxd8+ Nxd8 6. Nxe5 Nc6 7. Bb5 Bd7 8. Nxd7 Kxd7 9. Nc3 Re8 10. Bf4 Bd6 11. 0-0-0 1-0

[Event "COL-ch Superate B"]
[Site "Colombia"]
[Date "2015.10.14"]
[Round "12.10"]
[White "Alarcon Paba, Victor"]
[Black "Alvarado Martinez, Andrey Camilo"]
[Result "0-1"]
[WhiteElo "1473"]
[BlackElo "1717"]
[PlyCount "128"]
[EventDate "2015.10.14"]
[EventType "swiss (blitz)"]
[EventRounds "12"]
[EventCountry "COL"]
[SourceTitle "EXT 2024"]
[Source "ChessBase"]
[SourceDate "2023.10.10"]
[SourceVersion "1"]
[SourceVersionDate "2023.10.10"]
[SourceQuality "1"]

1. e4 c6 2. Nf3 d5 3. exd5 Qxd5 4. Nc3 Qa5 5. d4 Bg4 6. Be2 e6 7. h3 Bh5 8. Bd2 Qc7 9. a3 Nf6 10. Ne5 Bxe2 11. Nxe2 Nbd7 12. Bc3 Bd6 13. Nxd7 Nxd7 14. Qd3 0-0 15. Bd2 Rac8 16. Rc1 Rfd8 17. c4 c5 18. Qe3 cxd4 19. Qxd4 Bc5 20. Qg4 Nf6 21. Qf4 Qxf4 22. Bxf4 Nh5 23. Bg3 Nxg3 24. Nxg3 Bd6 25. 0-0 Bxg3 26. fxg3 Rc5 27. Kh2 Rdc8 28. Rf4 b5 29. Rd4 Rxc4 30. Rcxc4 bxc4 31. Rd7 g6 32. Rxa7 Rb8 33. Rc7 Rxb2 34. Rxc4 Rb3 35. a4 Ra3 36. Rc8+ Kg7 37. Ra8 h5 38. a5 f6 39. a6 g5 40. a7 f5 41. Re8 Rxa7 42. Rxe6 Ra3 43. Re7+ Kf6 44. Rh7 Kg6 45. Rc7 Ra6 46. Rb7 Re6 47. Rb5 Kf6 48. h4 g4 49. Rb8 Re7 50. Rb6+ Re6 51. Rb8 Kg6 52. Rg8+ Kf6 53. Rg5 Re8 54. Rxh5 Kg6 55. Rg5+ Kf6 56. Rh5 Kg6 57. Rg5+ Kf6 58. Kg1 Rh8 59. Kf2 Rc8 60. Rh5 Kg6 61. Ke3 Rc3+ 62. Kf4 Kxh5 63. Kxf5 Rxg3 64. Kf4 Rxg2 0-1

[Event "COL-ch Superate B"]
[Site "Colombia"]
[Date "2015.10.14"]
[Round "7.10"]
[White "Pena Marta, Dimas Jocias"]
[Black "Alarcon Paba, Victor"]
[Result "1-0"]
[WhiteElo "1830"]
[BlackElo "1473"]
[PlyCount "57"]
[EventDate "2015.10.14"]
[EventType "swiss (blitz)"]
[EventRounds "12"]
[EventCountry "COL"]
[SourceTitle "EXT 2024"]
[Source "ChessBase"]
[SourceDate "2023.10.10"]
[SourceVersion "1"]
[SourceVersionDate "2023.10.10"]
[SourceQuality "1"]

1. e4 e5 2. Nf3 Nf6 3. Nc3 Nc6 4. d4 exd4 5. Nxd4 Bc5 6. Be3 Nxd4 7. Bxd4 Bxd4 8. Qxd4 Qe7 9. Bc4 d6 10. 0-0 Be6 11. Rad1 0-0 12. Bxe6 fxe6 13. Qc4 Qf7 14. Nb5 Ne8 15. Rd3 a6 16. Nc3 e5 17. Qb4 b6 18. Rf3 Qd7 19. Qb3+ d5 20. Rxf8+ Kxf8 21. Nxd5 Rd8 22. h3 c6 23. Nxb6 Qb7 24. Qa3+ Kg8 25. Nc4 Nf6 26. f3 Re8 27. Nd6 Qa7+ 28. Kh1 Rd8 29. Qb3+ 1-0

[Event "Bogota Superate Intercol Adv-B"]
[Site "Bogota"]
[Date "2014.10.27"]
[Round "5.9"]
[White "Alarcon Paba, Victor"]
[Black "Florez Castro, Estiven"]
[Result "0-1"]
[WhiteElo "1460"]
[BlackElo "1717"]
[PlyCount "62"]
[EventDate "2014.10.25"]
[EventType "swiss (rapid)"]
[EventRounds "6"]
[EventCountry "COL"]
[SourceTitle "EXT 2024"]
[Source "ChessBase"]
[SourceDate "2023.10.10"]
[SourceVersion "1"]
[SourceVersionDate "2023.10.10"]
[SourceQuality "1"]

1. e4 c5 2. Nf3 a6 3. Nc3 Nc6 4. d4 cxd4 5. Nxd4 e5 6. Nxc6 bxc6 7. Bc4 Nf6 8. Bg5 h6 9. Bh4 Bb4 10. Qd2 0-0 11. a3 Ba5 12. 0-0 Rb8 13. b4 Bb6 14. h3 Nxe4 15. Qd3 Qxh4 16. Nxe4 d5 17. Rae1 dxc4 18. Qxc4 Be6 19. Qc3 Bd5 20. Nc5 Bxc5 21. Qxc5 Bc4 22. Rxe5 Bxf1 23. Kxf1 Qf4 24. g3 Qf6 25. Kg2 Rb5 26. Qxf8+ Kxf8 27. Re3 Re5 28. Rc3 Rf5 29. Rxc6 Rxf2+ 30. Kg1 Rf1+ 31. Kh2 Qf2# 0-1